A forrói jobbágyok rendtartása 1601 előtt

Elmentve itt :
Bibliográfiai részletek
Szerző: Kemény Lajos
Dokumentumtípus: Cikk
Megjelent: 1901
Sorozat:Magyar gazdaságtörténelmi szemle 8
Kulcsszavak:Történelemtudomány, Magyarország történelme, Gazdaságtörténet
Online Access:http://misc.bibl.u-szeged.hu/666
LEADER 00630nab a2200169 i 4500
001 misc666
005 20191106144059.0
008 170607s1901 hu o 0|| hun d
040 |a SZTE Miscellanea Repozitórium  |b hun 
041 |a hun 
100 1 |a Kemény Lajos 
245 1 2 |a A forrói jobbágyok rendtartása 1601 előtt  |h [elektronikus dokumentum] /  |c  Kemény Lajos 
260 |c 1901 
300 |a 415-416 
490 0 |a Magyar gazdaságtörténelmi szemle  |v 8 
695 |a Történelemtudomány, Magyarország történelme, Gazdaságtörténet 
856 4 0 |u http://misc.bibl.u-szeged.hu/666/1/gazd_tort_szeml_1901_415-416.pdf  |z Dokumentum-elérés